header

Guest appearances and other travels in time and space (Record no. 82977)

MARC details
000 -LEADER
fixed length control field 01252nam a2200313Ia 4500
100 1# - MAIN ENTRY--AUTHOR NAME
Personal name Rose, Peter Isaac,
245 10 - TITLE STATEMENT
Title Guest appearances and other travels in time and space
260 ## - PUBLICATION, DISTRIBUTION, ETC. (IMPRINT)
Place of publication Athens, Ohio :
Name of publisher Swallow Press/Ohio University Press,
Year of publication 2003.
300 ## - PHYSICAL DESCRIPTION
Number of Pages 258 p., [16] p. of plates :
Other physical details ill.
650 #0 - SUBJECT ADDED ENTRY--TOPICAL TERM
Topical Term Sociology teachers
Topical Term Travelers
856 40 - ELECTRONIC LOCATION AND ACCESS
Uniform Resource Identifier http://site.ebrary.com/lib/rucke/Doc?id=10137856

No items available.

© 2026 Rongo University
Contact us: librarian | system librarian | Rongo university